000
00324nam a22001337a 4500
008
171016b xxu||||| |||| 00| 0 eng d
020
_a
0935391908
041
_a
eng
080
_a
33
100
_a
52
101
_a
EKO
245
_a
THE ECONOMICS OF INTERDEPENDENCE MEXICO AND THE UNITED STATES
_c
GLADE,W
942
_2
udc
_c
BK
999
_c
34042
_d
34042